| 000 | 00451nam a22001817a 4500 | ||
|---|---|---|---|
| 003 | JO-AjAnu | ||
| 005 | 20241019141007.0 | ||
| 008 | 241019b jo ||||| |||| 00| 0 ara d | ||
| 020 | _a6-446-78879-1-978 | ||
| 040 | _cJO-AjAnu | ||
| 041 | _hENG | ||
| 100 |
_aHenson, Emily _eAuthor _966352 |
||
| 245 |
_aBe Bold with Colour & Pattern _c / Emily Henson |
||
| 260 |
_aChina: _c2022 |
||
| 300 | _a159 pages | ||
| 650 | _vColour | ||
| 942 |
_2lcc _cBK _n0 |
||
| 999 |
_c33781 _d33781 |
||